Dr. Jekyll & Mr. Hyde ; (Record no. 1954)
[ view plain ]
| 000 -LEADER | |
|---|---|
| fixed length control field | 00644nam a2200229 4500 |
| 001 - CONTROL NUMBER | |
| JCCL Control Number | 1954 |
| 003 - CONTROL NUMBER IDENTIFIER | |
| JCCL marc code | BD-JhCC |
| 005 - DATE AND TIME OF LATEST TRANSACTION | |
| control field | 20210609134020.0 |
| 008 - FIXED-LENGTH DATA ELEMENTS--GENERAL INFORMATION | |
| fixed length control field | 171026r20062001ii a ||0 eng d |
| 020 ## - INTERNATIONAL STANDARD BOOK NUMBER | |
| International Standard Book Number | 8187233761 |
| 035 ## - SYSTEM CONTROL NUMBER | |
| system control number | (BD-JhCC) 1954 |
| 040 ## - CATALOGING SOURCE | |
| Original cataloging agency | BD-JhCC |
| Modifying agency | BD-JhCC |
| 041 ## - LANGUAGE CODE | |
| Language code of Book | eng |
| 082 ## - DEWEY DECIMAL CLASSIFICATION NUMBER | |
| Classification number | 823.8 |
| Author mark and Year | STE 2006 |
| 100 1# - MAIN ENTRY--PERSONAL NAME | |
| Personal name | Stevenson, Robert Louis, |
| Dates associated with a name | 1850-1894. |
| 245 10 - TITLE STATEMENT | |
| Title | Dr. Jekyll & Mr. Hyde ; |
| Remainder of title | The merry men, and other tales / |
| Statement of responsibility, etc | Robert Louis Stevenson, |
| 260 ## - PUBLICATION, DISTRIBUTION, ETC. (IMPRINT) | |
| Place of publication, distribution, etc | New Delhi : |
| Name of publisher, distributor, etc | Infinity Books |
| Date of publication, distribution, etc | 2001 [Reprinted 2006] |
| 300 ## - PHYSICAL DESCRIPTION | |
| Pagination | 215 p. : |
| Dimensions | 20 cm. |
| 650 ## - SUBJECT ADDED ENTRY--TOPICAL TERM | |
| Topical term or geographic name as entry element | Physicians |
| 942 ## - ADDED ENTRY ELEMENTS (KOHA) | |
| Source of classification or shelving scheme | Dewey Decimal Classification |
| Koha item type | Books |
| Koha issues (borrowed), all copies | 2 |
| Source of classification or shelving scheme | Damaged status | Not for loan | Home library | Current library | Shelving location | Date of accession | Cost, normal purchase price | Total Checkouts | Full call number | Barcode | Date last seen | Date checked out | Copy number | Koha item type |
|---|---|---|---|---|---|---|---|---|---|---|---|---|---|---|
| Dewey Decimal Classification | JCC Rouf Library | JCC Rouf Library | General Stacks | 10/26/2017 | 95.00 | 5 | 823.8 STE 2006 | 3423 | 11/03/2024 | 10/29/2024 | C-1 | Books |